| 000 | 00881cam a2200277 a 4500 | ||
|---|---|---|---|
| 001 | 4038 | ||
| 003 | DO-SdBNP | ||
| 005 | 20160906101527.0 | ||
| 007 | 4038 | ||
| 008 | 031114s2003 nyua 001 0 eng | ||
| 010 | _a | ||
| 020 | _a0789496739 (alk. paper) | ||
| 040 |
_aBPMSU _cspa _dBPMSU |
||
| 050 | 0 | 0 |
_a _b |
| 082 | 0 | 4 |
_a _2 |
| 245 | 0 | 0 |
_aAmerican College of Physicians complete home medical guide / _ceditor-in-chief, David R. Goldmann ; associate editor, David A. Horowitz. |
| 246 | 3 | _aComplete home medical guide | |
| 250 | _a2nd Amer. ed., completely rev. and updated | ||
| 260 |
_aNew York, N.Y. : _bDK Pub., _c2003. |
||
| 300 |
_a1104 p. : _bill. (chiefly col.) ; _c27 cm. |
||
| 500 | _aInclye índice | ||
| 700 | 1 | _aGoldmann, David R. | |
| 710 | 2 | _aAmerican College of Physicians. | |
| 942 |
_2ddc _cBK |
||
| 956 |
_aVMATEO _b10 _c20160906 _dBPMSU _f0069 |
||
| 999 |
_c11334 _d11334 |
||